La investigación de la comunidad
Saved in:
| Hovedforfatter: | |
|---|---|
| Format: | Bog |
| Sprog: | spansk |
| Udgivet: |
Caracas
Convenio Andrés Bello
2004
|
| Serier: | Formación de Docentes en Investigación Educativa, 3
|
| Fag: | |
| Tags: |
Tilføj Tag
Ingen Tags, Vær først til at tagge denne postø!
|
MARC
| LEADER | 00000nam a2200000 a 4500 | ||
|---|---|---|---|
| 001 | UCH4472 | ||
| 003 | CL-VaPUC | ||
| 008 | 090820e20040000VE |||||||||||||||||spa|d | ||
| 020 | |a 9589089186 | ||
| 082 | 0 | 4 | |a 370.071 |b BRI |2 21 |
| 100 | 0 | |a Briones, Guillermo |e author |9 539995 | |
| 245 | 1 | 3 | |a La investigación de la comunidad |
| 300 | |a 189 p | ||
| 942 | |c BK | ||
| 945 | |d 20090820 00:00:00 |a rbrito | ||
| 260 | |a Caracas |b Convenio Andrés Bello |c 2004 | ||
| 650 | 0 | |a Formación profesional de profesores |9 307493 | |
| 650 | 0 | |a Investigación educacional |9 261192 | |
| 650 | 0 | |a Comunidad |9 308730 | |
| 650 | 0 | |a Métodos de investigación |9 262618 | |
| 650 | 0 | |a Investigación social |9 307814 | |
| 583 | |a last modification |c 20090820 00:00:00 |k Rodrigo Vera | ||
| 490 | 0 | |a Formación de Docentes en Investigación Educativa, 3 | |
| 999 | |c 335781 |d 335779 | ||
| 952 | |0 0 |1 0 |2 ddc |4 0 |6 370_071000000000000_BRI_2004 |7 0 |8 A |9 426496 |a BIBEDU |b BIBEDU |d 2019-11-22 |i 4590449 |o 370.071 BRI 2004 |p 4590449 |r 2023-01-12 |w 2019-11-22 |y BK |k MUS | ||